[Event "Sinquefield Cup 2nd"]
[Site "Saint Louis"]
[Date "2014.08.29"]
[Round "3"]
[White "Carlsen, Magnus"]
[Black "Caruana, Fabiano"]
[Result "0-1"]
[WhiteElo "2877"]
[BlackElo "2801"]
[Annotator "Postny,Evgeny"]
[PlyCount "68"]
[EventDate "2014.08.27"]
[EventType "tourn"]
[EventRounds "10"]
[EventCountry "USA"]
[EventCategory "23"]
[SourceTitle "CBM 162"]
[Source "ChessBase"]
[SourceDate "2014.09.17"]
[SourceVersion "1"]
[SourceVersionDate "2014.09.17"]
[SourceQuality "1"]

1. e4 e5 2. Bc4 Nf6 3. d3 {As usual, Magnus is not going for the theoretical lines, trying to minimise the value of any opening preparation.} c6 4. Nf3 d5 5. Bb3 Bb4+ {Provoking the move that now follows, so that White won't be able to develop his knight to c3 anymore.} (5... Bd6 {used to be the main move.}) 6. c3 Bd6 7. Bg5 dxe4 (7... Be6 8. d4 dxe4 9. Nfd2 exd4 10. Nxe4 Be7 11. Bxf6 Bxf6 12. Bxe6 fxe6 13. Qb3 Qe7 14. Nxf6+ gxf6 15. cxd4 Na6 16. Nc3 O-O-O $11 {½-½ (34) Shirov,A (2713)-Roiz,M (2668) Saratov 2011}) 8. dxe4 h6 (8... O-O 9. O-O Qe7 $6 (9... h6 10. Bh4 Qe7 $11) 10. Nh4 $1 Na6 11. Nd2 Nc5 12. Qf3 Nxb3 13. axb3 $14 {1-0 (29) Karjakin,S (2772)-Efimenko,Z (2703) Poikovsky 2011}) 9. Bh4 Qe7 {Fabiano is playing it flexibly, not castling immediately, but developing the queenside pieces instead. The position is, of course, equal.} 10. Nbd2 Nbd7 11. Bg3 $6 $146 {This move looks strange to me - moving the bishop away without even provoking g7-g5.} (11. Qe2 Bc7 12. O-O Nf8 13. Bg3 Ng6 14. Nh4 Nf4 15. Bxf4 exf4 16. Rfe1 Bg4 17. f3 Be6 18. Bxe6 Qxe6 19. Nf5 O-O $11 {1-0 (73) Pridorozhni,A (2491)-Aleshin,O (2423) Moscow 2005}) (11. O-O {would also be normal.}) 11... Bc7 12. O-O Nh5 13. h3 $146 {Carlsen continues the odd strategy. Anything else that makes sense would be preferable.} ({RR} 13. Nh4 Ndf6 14. Kh1 g5 15. Nf5 Bxf5 16. exf5 O-O-O 17. Qe2 Nxg3+ 18. fxg3 e4 19. Rae1 Rhe8 20. Bc2 h5 21. Nxe4 h4 22. gxh4 Qe5 23. g3 gxh4 24. gxh4 Ng4 25. f6 Rh8 26. Qxg4+ Kb8 27. Ng3 Qd5+ {Amdouni,Z (2246)-Bouzidi,A (2176) Hammam Sousse 2020 1-0 (37)}) ({RR} 13. Nh4 Ndf6 14. Kh1 g5 15. Nf5 Bxf5 16. exf5 O-O-O 17. Qe2 Nxg3+ 18. fxg3 e4 19. Rae1 Rhe8 20. Bc2 h5 21. Nxe4 h4 22. gxh4 Qe5 23. g3 gxh4 24. gxh4 Ng4 25. f6 Rh8 26. Qxg4+ Kb8 27. Ng3 Qd5+ {Amdouni,Z (2246)-Bouzidi,A (2176) Hammam Sousse 2020 1-0 (37)}) 13... Nxg3 14. fxg3 Nc5 (14... Nf6 {would avoid the complications that followed in the game. Black is slightly better.}) 15. Bxf7+ $5 {Obviously, Carlsen wasn't happy with the course of the game. This intuitive sacrifice is an interesting practical chance as it leads to a murky position where both sides have to calculate a lot.} Kxf7 (15... Qxf7 $4 16. Nxe5 {and Black has to part with his queen to avoid the deadly check on h5.}) 16. Nxe5+ (16. Nh4+ $5 {was an interesting alternative which could lead to a position where White wins the queen for several pieces.} Kg8 17. Ng6 Qe8 18. Rf8+ Qxf8 19. Nxf8 Kxf8 20. Qh5 Be6 21. Nf3 Nd7 22. Rf1 (22. Nh4 Nf6 23. Rf1 Rg8 $17) 22... Kg8 23. Nh4 Rh7 $1 24. Qg6 Bxa2 25. Nf5 Kh8 26. Ne7 Bb6+ 27. Kh2 Bc5 28. Qf5 g5 $1 29. Rd1 $1 Rf7 30. Qxd7 Rxe7 31. Qf5 Kg7 32. Rd7 Bf7 33. Rxe7 Bxe7 34. Qd7 Re8 35. Qxb7 {Black is better, but to win this position would be quite a difficult task.}) 16... Kg8 17. Ng6 Qg5 18. Rf8+ Kh7 19. Nxh8 (19. Rxh8+ Kxg6 20. Nf3 (20. b4 Qxg3 $1 21. bxc5 Bxh3 22. Qf3 Rxh8 23. Qxg3+ Bxg3 24. gxh3 Be5 $17) 20... Qxg3 (20... Qe3+ $6 21. Kh1 Nxe4 22. Nh4+ Kg5 23. Nf3+ Kf6 24. Qd4+ Qxd4 25. Nxd4 Nxg3+ 26. Kg1 {Here the matters are not entirely clear as long as Black's queenside is undeveloped.}) 21. Qc2 Bg4 $1 22. hxg4 Rxh8 23. e5+ Kf7 24. Qf5+ Ke7 $19) 19... Bg4 (19... Qe3+ $1 {was even stronger, but required precise calculation.} 20. Kh1 Bg4 21. Qf1 $2 (21. Qxg4 Rxf8 22. Ng6 Rf7 $17) 21... Qxg3 22. e5 {[%cal Gf1b1,Gb1h7]} Rxf8 23. Qxf8 Qxe5 (23... Bxe5 $4 24. Nf1 $18) 24. Nf1 Bxh3 $1 {This must have been seen in advance!} 25. gxh3 Qe4+ 26. Kg1 Ne6 $19 {[%csl Rg1][%cal Gc7b6]}) 20. Qf1 Nd3 $1 {[%cal Gg5e3,Ge3g3] Great resource, adding the knight to the counterattack.} 21. Qxd3 (21. Ng6 {was an interesting chance, but insufficient.} Qe3+ (21... Kxg6 $2 22. Qf7+ Kh7 23. Qg8+ $11) 22. Kh1 Qxg3 23. e5 Rxf8 24. Nxf8+ Kg8 25. Ng6 Nf2+ 26. Kg1 Nxh3+ 27. Kh1 Nf2+ 28. Kg1 Be6 $1 29. Ne7+ (29. Qxf2 $2 Bb6 $19) 29... Kh8 30. Ng6+ Qxg6 31. Kxf2 Qc2 $17) 21... Rxf8 22. hxg4 Qxg4 23. Nf3 Qxg3 (23... Kxh8 {would have been slightly more precise.}) 24. e5+ (24. Nf7 $1 Rxf7 25. e5+ g6 (25... Kh8 $6 26. e6 {is the point of White's idea, the black rook gets kicked away by the pawn.}) 26. Rf1 {White is worse as in the game, but here Black's seventh rank is slightly weakened, which might give White some additional practical chances.}) 24... Kxh8 25. e6 {Carlsen is rushing forward with his passed pawn, but unfortunately for him his king is too vulnerable.} (25. Rf1 Bb6+ (25... Bxe5 26. Nxe5 Rxf1+ 27. Qxf1 Qxe5 28. Qf7 {White has decent chances to hold this endgame.}) 26. Kh1 Qg4 (26... Rf4 27. Qd7 $8 {still surviving.}) 27. Nh2 Rxf1+ 28. Qxf1 Qh5 29. Qf8+ Kh7 30. Qd6 Qg6 31. Nf3 Qxd6 32. exd6 Kg6 33. Kh2 Kf6 34. Kg3 Ke6 35. Kg4 Kxd6 36. Kf5 Kd5 {This endgame should be won for Black. If the white king goes to g6, its counterpart will penetrate to the queenside via e4.}) 25... Bb6+ 26. Kh1 Qg4 (26... Rf4 $4 {No, it's not mate.} 27. e7 Rh4+ 28. Nxh4 Qxh4+ 29. Qh3 $16) 27. Qd6 (27. e7 Re8 28. Re1 Qh5+ 29. Nh2 Bc7 30. g3 Qf7 {The pawn is going down and White's prospects are very grim.}) 27... Rd8 28. Qe5 Rd5 29. Qb8+ Kh7 30. e7 Qh5+ (30... Rh5+ $4 31. Nh2 {[%csl Ge7][%cal Ge7e8] would turn the tables.}) 31. Nh2 $2 {A blunder in a bad position.} (31. Qh2 {was the only way to prolong the fight.} {Still, after} Qe8 {White loses the passed pawn. The bishop is also superior to the knight.} 32. Re1 $2 {fails to} Bf2 33. Rf1 Rh5 $19) 31... Rd1+ 32. Rxd1 Qxd1+ 33. Nf1 Qxf1+ 34. Kh2 Qg1+ (34... Qg1+ 35. Kh3 Qe3+ {capturing the e7.}) 0-1

[Event "Sinquefield Cup 2nd"]
[Site "Saint Louis"]
[Date "2014.09.02"]
[Round "6"]
[White "Carlsen, Magnus"]
[Black "Vachier Lagrave, Maxime"]
[Result "1/2-1/2"]
[WhiteElo "2877"]
[BlackElo "2768"]
[Annotator "Roiz,Michael"]
[PlyCount "102"]
[EventDate "2014.08.27"]
[EventType "tourn"]
[EventRounds "10"]
[EventCountry "USA"]
[EventCategory "23"]
[SourceTitle "CBM 162"]
[Source "ChessBase"]
[SourceDate "2014.09.17"]
[SourceVersion "1"]
[SourceVersionDate "2014.09.17"]
[SourceQuality "1"]

1. e4 c5 2. Nc3 Nc6 {This move could be a surprise for Magnus, since the Najdorf is the main Sicilian weapon of his opponent.} 3. Nf3 g6 4. d4 cxd4 5. Nxd4 Bg7 6. Be3 Nf6 7. Bc4 O-O 8. Bb3 Qa5 {The main idea of this move is preventing White from building up an aggressive Dragon setup with 9.f3, 10.d2 and 11.0-0-0.} ({Black has a large choice of alternatives here. The most common are:} 8... d6) (8... a5) ({and} 8... Ng4) 9. f3 (9. O-O {is more popular and leads to a long strategic battle. In the following game Magnus Carlsen had an excellent position playing on the Black's side:} d6 10. h3 (10. Nd5 Re8 11. Nxf6+ Bxf6 12. c3 Ne5 13. h3 Qa6 14. Nc2 Nd3 15. Qf3 Be6 16. Bd4 Bxd4 17. Nxd4 Bc4 $11 {1-0 Grischuk,A (2764)-Ivanchuk,V (2757)/London ENG 2013 (39)}) 10... Bd7 11. f4 Nxd4 12. Bxd4 Bc6 13. Qd3 Nd7 14. Bxg7 Kxg7 15. Nd5 $6 Qc5+ 16. Kh1 e6 17. Nc3 Nf6 18. Rad1 Rad8 19. f5 Qe5 $15 {1-0 Morozevich,A (2760)-Carlsen,M (2864)/Moscow RUS 2013 (53)}) 9... e6 $5 {An interesting way to change the character of play. Maxime is ready for the creation of an isolated pawn, while Black's pieces are becoming quite active.} (9... d5 10. exd5 Nb4 11. Qd2 Nbxd5 12. Nxd5 Qxd2+ 13. Kxd2 Nxd5 14. Bxd5 Rd8 {doesn't fully equalise:} 15. c4 e6 16. Be4 Bxd4 17. Bxd4 Rxd4+ 18. Kc3 $14) (9... d6 10. Qd2 {would transpose to ''Dragon stuff''.}) 10. O-O (10. Qd2 d5 11. exd5 Nxd5 12. Bxd5 exd5 13. O-O-O Be6 $11 {0-1 Lopez Gracia,F (2218)-De la Villa Garcia,J (2466)/Zaragoza 2001}) 10... d5 11. exd5 exd5 $6 {A serious inaccuracy. The knight is not placed well on f6, so the dark-squared bishop remains quite useless. In such a situation, White's pressure on the isolated pawn becomes annoying.} (11... Nxd5 12. Nxd5 (12. Bxd5 exd5 13. Qd2 Re8 14. Rad1 Be6 $11) 12... exd5 13. c3 Re8 14. Re1 (14. Qd2 Ne5 15. Bh6 Nc4 16. Bxc4 Bxh6 17. Qxh6 dxc4 18. Rfe1 Bd7 $11) 14... Nxd4 15. Bxd4 Rxe1+ 16. Qxe1 Bxd4+ 17. cxd4 Qd8 {Black should be able to neutralise White's slight pressure.}) ({RR} 11... Nxd5 12. Nxd5 exd5 13. Bf2 Re8 14. c3 Ne5 15. Re1 Bd7 16. Qc2 Nc4 17. Rad1 Bh6 18. Rxe8+ Rxe8 19. Re1 Rxe1+ 20. Bxe1 Qd8 21. Qe2 Qe8 22. Bxc4 dxc4 23. Kf1 Qxe2+ 24. Kxe2 Kf8 25. Bd2 Bg7 26. Be3 {Yaniv,O (2131)-Ivanov,M (2271) Belgrade SRB 2024 ½-½}) 12. Qd2 Re8 13. Rad1 $146 {A natural novelty in a rare position.} ({White's advantage is also indisputable after:} 13. Rfe1 Be6 14. Bf2 $14 (14. Nxc6 $6 bxc6 15. Nxd5 Qxd2 16. Nxf6+ Bxf6 17. Bxd2 Bxb2 $11 {0-1 Distaso,A (1974)-Georgiev,V (2586)/Campobasso 2010/EXT 2013 (63)})) ({RR} 13. Rfe1 Be6 14. Nxc6 bxc6 15. Nxd5 Qxd2 16. Nxf6+ Bxf6 17. Bxd2 Bxb2 18. Rab1 Bd4+ 19. Kf1 Bd7 20. Bc4 Bf5 21. Rxe8+ Rxe8 22. Rb7 Be6 23. Bxe6 Rxe6 24. c3 Be5 25. g3 a6 26. Ra7 c5 27. Bh6 f5 {Distaso,A (1974)-Georgiev,V (2586) Campobasso 2010 0-1 (63)}) ({RR} 13. Rfe1 Bd7 14. Rad1 Rad8 15. Nxc6 Bxc6 16. Bd4 Rxe1+ {½-½ (16) Manasterski,L-Balcerowski,W Lublin 1965}) 13... Bd7 14. Nxc6 {For some reasons, White prefers to change the pawn structure.} ({The weak d5 would be quite vulnerable after} 14. Bf2 $5 Rad8 15. Rfe1 Rxe1+ 16. Rxe1 $14 ({Or} 16. Qxe1 $14)) 14... bxc6 {GM Vachier Lagrave doesn't mind to getting rid off his isolated pawn. Still, Black's position is rather passive, while White has full control of the dark squares.} (14... Bxc6 15. Bd4 Qc7 16. Rfe1 $14) 15. Nxd5 {Perhaps, Carlsen's decision on the previous move was connected with a concrete approach.} ({Another way to handle the position was:} 15. Rfe1 $5 Re5 16. Na4 Qxd2 17. Bxd2 Rae8 18. Kf2 $14) 15... Qxd2 16. Nxf6+ Bxf6 17. Bxd2 ({After} 17. Rxd2 {Black's best practical decision should be:} Rxe3 (17... Be6 18. Kf2 (18. Ba4 Rac8 19. Bxa7 Bxb2 20. Bf2 $14) 18... Bxb2 19. Rfd1 $14) 18. Rxd7 Re7 19. Rfd1 Rae8 20. c3 Rxd7 21. Rxd7 Re7 22. Rd6 Bg5 23. Rxc6 Bc1 $14 {the character of play here is similar to the text.}) 17... Bxb2 {Correctly accepting the challenge.} ({After} 17... Be6 $6 18. Bc1 $1 Bxb3 19. cxb3 $16 {there would be no compensation for a pawn.}) 18. Bc3 Bxc3 19. Rxd7 Rf8 {A sad necessity.} 20. Rfd1 $14 {White's advantage is clear in this endgame, but Black has definite drawing chances.} Kg7 (20... a5 21. Rc7 a4 22. Bc4 $14) 21. Rb7 {Magnus is trying to keep both rooks on the board.} ({It was possible to win a pawn immediately:} 21. Rc7 Ba5 22. Rxc6 Rac8 23. Rcd6 Rfd8 $14 {but this would allow Black to release the pressure.}) 21... Ba5 {Bringing the bishop to a secure spot.} (21... g5 22. Rd6 (22. Rdd7 Rad8 23. Rxf7+ Rxf7 24. Rxf7+ Kg6 25. Rc7 $14) 22... Rac8 23. g3 Ba5 24. Kg2 $14) 22. Rdd7 Bb6+ 23. Kf1 Rad8 {Now White cannot avoid an exchange.} 24. Rxd8 Rxd8 25. Rxf7+ Kh8 26. Ke2 Re8+ {Black's moves are quite forced now - otherwise White may make progress.} 27. Kd3 Rd8+ 28. Kc3 Ba5+ {This move seems inaccurate, as it allows White to activate the king.} ({After} 28... Rd1 $142 29. g4 h5 (29... Rh1 30. Rf6 Rxh2 31. Rxc6 Re2 32. Kb4 $16) 30. gxh5 gxh5 31. Rf5 Kg7 32. Rxh5 Kg6 33. Rh4 Rf1 {White has 2 extra pawns, but the activity of Black's rook makes the task difficult.}) 29. Kb2 ({There was no reason to deviate from} 29. Kc4 $1 Bb6 30. Rf6 Rd2 ({or} 30... c5 31. Kb5 Rd2 32. g4) 31. g4 c5 32. Kb5 Rxh2 33. g5 h6 34. Rxg6 hxg5 35. Rxg5 $16 {with excellent winning chances.}) 29... Bb6 30. g4 Rd2 31. h4 (31. g5 h5 32. gxh6 Rxh2 33. Ba4 c5 $14) 31... Rh2 {Now White cannot avoid the simplifications.} 32. Ba4 (32. g5 h5 33. gxh6 Rxh4 34. a4 Rxh6 $14) 32... h5 (32... Rxh4 33. Bxc6 h5 34. gxh5 gxh5 35. Be4 {leads to the text.}) 33. gxh5 Rxh4 34. Bxc6 gxh5 35. Be4 {Black is still in danger, but the passed h-pawn is an important factor now.} Rh1 36. f4 ({After} 36. c4 h4 37. Rh7+ Kg8 38. Rh5 h3 39. c5 Bc7 40. c6 Kf8 $1 (40... h2 41. f4 Rf1 42. Rxh2 Rxf4 43. Bd5+ Kg7 44. Re2 Rd4 45. Bh1 Kf6 {is less clear}) 41. Rh7 h2 {Black should be able to save a half point. For instance:} 42. Rxc7 Rb1+ 43. Bxb1 h1=Q 44. Rh7 Qg2+ 45. Bc2 Qxf3 46. c7 Qf6+ 47. Kb3 Qf3+ 48. Kb4 Qf4+ 49. Kb5 Qe5+ 50. Kc6 Qe6+ 51. Kb7 Qd5+ 52. Kb8 Qb5+ $11) 36... Rh3 37. c3 ({It looks like} 37. c4 $5 {was the best chance:} Bd4+ 38. Kc2 Rc3+ 39. Kd2 Rxc4 40. Rh7+ Kg8 41. Rxh5 Ra4 42. Bd5+ Kg7 $14 {Some accuracy is required, but a draw is the most probable result here.}) 37... h4 38. f5 ({After} 38. Kb3 Re3 39. Bf5 Ba5 40. Rh7+ Kg8 41. Rxh4 Rxc3+ 42. Ka4 Bd8 43. Be6+ Kg7 44. Rg4+ Kf6 45. f5 Bb6 {White could hardly make any progress either.}) (38. Kc2 Re3 39. Bf5 Kg8 40. Rh7 Ba5 {is more or less the same.}) 38... Re3 $11 {Now Black has sufficient counterplay.} 39. Re7 (39. Bd5 Rd3 40. Be6 h3 41. f6 Rf3 {is safe for Black as well}) 39... Ba5 (39... Bc5 40. Re6 h3 41. f6 Kg8 $11) 40. c4 h3 41. Re6 {The only way to stop the h-pawn.} h2 (41... Kg7 42. Bd5 Rxe6 43. fxe6 Kf6 $11) 42. Bd5 Rxe6 43. fxe6 Bd8 44. Kb3 Kg7 {Of course, White has only a symbolic advantage here.} 45. Kb4 Kf6 46. Kb5 h1=Q (46... Be7 47. Kc6 (47. c5 Ke5 $11) 47... Ke5 48. Kd7 Kf6 $11) 47. Bxh1 Kxe6 48. c5 Kd7 49. Ka6 Kc7 50. Kxa7 Be7 51. c6 Bc5+ {White's 2 extra pawns are of no value, so a draw was agreed.} 1/2-1/2